[Event "4th GRENKE Open 2019"]
[Site "Karlsruhe"]
[Date "2019.04.21"]
[Round "6.90"]
[White "Peschel, Andreas"]
[Black "Arnold, Lothar"]
[Result "0-1"]
[WhiteElo "2154"]
[BlackElo "2351"]
[Annotator "NA"]
[PlyCount "78"]
[EventDate "2019.04.18"]
[EventType "swiss"]
[EventCountry "GER"]
[SourceTitle "playchess.com"]
[Source "ChessBase"]
[SourceQuality "1"]

1. d4 Nf6 2. Nf3 g6 3. b3 Bg7 4. Bb2 O-O 5. c4 d6 6. g3 e5 7. dxe5 Ng4 8. Nc3 Nxe5 9. Nxe5 Bxe5 10. Qd2 Nc6 11. Bg2 Be6 12. h4 h5 13. f4 Bg7 14. Ne4 f6 15. Nc3 Qd7 16. Nd5 Rae8 17. O-O-O Bf5 18. Nc3 Qe7 19. e4 Bg4 20. Rde1 Qf7 21. Kb1 Kh7 22. Nd5 f5 23. Ka1 a5 24. exf5 Bxf5 25. Rxe8 Rxe8 26. Re1 Rxe1+ 27. Qxe1 Nd4 28. Qd2 Nc2+ 29. Kb1 Ne1+ 30. Ka1 Bxb2+ 31. Qxb2 Nxg2 32. Qxg2 c6 33. Ne3 Bd3 34. Qb2 Qe7 35. Qd4 Be4 36. Kb2 c5 37. Nd5 Bxd5 38. Qxd5 Qd7 39. Ka3 Kg7 0-1

[Event "4th GRENKE Open 2019"]
[Site "Karlsruhe"]
[Date "2019.04.21"]
[Round "6.91"]
[White "Schlenker, Joerg"]
[Black "Chylewski, Patryk"]
[Result "1-0"]
[WhiteElo "2153"]
[BlackElo "2391"]
[Annotator "NA"]
[PlyCount "113"]
[EventDate "2019.04.18"]
[EventType "swiss"]
[EventCountry "GER"]
[SourceTitle "playchess.com"]
[Source "ChessBase"]
[SourceQuality "1"]

1. Nf3 Nf6 2. d4 g6 3. g3 Bg7 4. Bg2 O-O 5. O-O d6 6. a4 Nbd7 7. Nc3 e5 8. e4 a5 9. Re1 Re8 10. h3 b6 11. dxe5 Nxe5 12. Nxe5 dxe5 13. Bg5 Qxd1 14. Raxd1 h6 15. Bc1 Bb7 16. Nb5 Rac8 17. h4 Ba6 18. Bf1 Bxb5 19. Bxb5 Red8 20. f3 Rd6 21. Rxd6 cxd6 22. c3 Kf8 23. Be3 Rb8 24. Rd1 Ke7 25. Kf2 Nd7 26. Ke2 h5 27. Rd5 Nc5 28. Bg5+ f6 29. Be3 Ne6 30. Bc4 Rc8 31. Bb3 Nc5 32. Bc2 Ra8 33. Rd1 Kd7 34. Rg1 Ke7 35. g4 Kf7 36. gxh5 gxh5 37. b4 axb4 38. cxb4 Nxa4 39. Bb3+ Kf8 40. Bh6 Nc3+ 41. Kd3 Bxh6 42. Rg8+ Ke7 43. Rxa8 Nb5 44. Rh8 Bg7 45. Rb8 Nd4 46. Rb7+ Kd8 47. Rxg7 Nxb3 48. Kc4 Nd4 49. Kd5 Ke8 50. f4 Kf8 51. Rb7 Nb5 52. f5 Nc3+ 53. Kxd6 Nxe4+ 54. Ke6 b5 55. Rxb5 Kg7 56. Rb7+ Kg8 57. Rc7 1-0

[Event "4th GRENKE Open 2019"]
[Site "Karlsruhe"]
[Date "2019.04.21"]
[Round "6.92"]
[White "Arman, Deniz"]
[Black "Kazarian, Anna-Maja"]
[Result "1-0"]
[WhiteElo "2346"]
[BlackElo "2147"]
[Annotator "NA"]
[PlyCount "55"]
[EventDate "2019.04.18"]
[EventType "swiss"]
[EventCountry "GER"]
[SourceTitle "playchess.com"]
[Source "ChessBase"]
[SourceQuality "1"]

1. e4 c6 2. d4 d5 3. e5 Bf5 4. Nc3 e6 5. g4 Bg6 6. Nge2 Nd7 7. Be3 Ne7 8. Qd2 h5 9. f3 hxg4 10. fxg4 c5 11. O-O-O Nc6 12. Nf4 cxd4 13. Bxd4 Bh7 14. Ncxd5 Be4 15. Bg2 Bxg2 16. Qxg2 Nxd4 17. Rxd4 Bc5 18. Rd3 exd5 19. e6 O-O 20. exd7 Qg5 21. Rf1 d4 22. Qxb7 Rab8 23. Qe4 Bd6 24. Kb1 Qe5 25. Qxe5 Bxe5 26. Nd5 Bd6 27. Rxd4 Be5 28. Ne7+ 1-0

[Event "4th GRENKE Open 2019"]
[Site "Karlsruhe"]
[Date "2019.04.21"]
[Round "6.93"]
[White "Chernov, Vadim"]
[Black "Monteverde, Jonathan"]
[Result "1-0"]
[WhiteElo "2345"]
[BlackElo "2103"]
[Annotator "NA"]
[PlyCount "57"]
[EventDate "2019.04.18"]
[EventType "swiss"]
[EventCountry "GER"]
[SourceTitle "playchess.com"]
[Source "ChessBase"]
[SourceQuality "1"]

1. e4 e6 2. d4 d5 3. Nd2 Nf6 4. e5 Nfd7 5. c3 c5 6. f4 Nc6 7. Ndf3 Qb6 8. g3 Be7 9. Bh3 O-O 10. Kf1 cxd4 11. cxd4 f6 12. Kg2 fxe5 13. fxe5 Ndxe5 14. dxe5 Nxe5 15. Qe2 Nc4 16. b3 Bf6 17. Rb1 e5 18. Qd3 e4 19. Qxd5+ Kh8 20. Qxc4 exf3+ 21. Nxf3 Bxh3+ 22. Kxh3 Rac8 23. Qg4 Qf2 24. Ba3 Rfd8 25. Rbc1 Rxc1 26. Bxc1 Qxa2 27. Qe6 Qa5 28. Re1 h6 29. Kg2 1-0

[Event "4th GRENKE Open 2019"]
[Site "Karlsruhe"]
[Date "2019.04.21"]
[Round "6.94"]
[White "Siddharth, Jagadeesh"]
[Black "Podat, Vladimir"]
[Result "1-0"]
[WhiteElo "2132"]
[BlackElo "2345"]
[Annotator "NA"]
[PlyCount "81"]
[EventDate "2019.04.18"]
[EventType "swiss"]
[EventCountry "GER"]
[SourceTitle "playchess.com"]
[Source "ChessBase"]
[SourceQuality "1"]

1. d4 d5 2. c4 c6 3. g3 Nf6 4. Bg2 g6 5. Nf3 dxc4 6. O-O Bg7 7. a4 O-O 8. Na3 Na6 9. Nxc4 Be6 10. Nce5 Bd5 11. Bf4 Ne4 12. Qc1 c5 13. Rd1 f6 14. dxc5 Naxc5 15. Nd2 fxe5 16. Nxe4 Nb3 17. Qb1 e6 18. Bg5 Bxe4 19. Rxd8 Bxb1 20. Rxf8+ Rxf8 21. Rxb1 Nd4 22. e3 Nf3+ 23. Bxf3 Rxf3 24. Rd1 h6 25. Bd8 e4 26. Rd6 Rf8 27. Ba5 b6 28. Bb4 Rc8 29. Ba3 Rc4 30. Rd8+ Kf7 31. Rd7+ Kf6 32. Rxa7 g5 33. b3 Rc2 34. Rb7 Kg6 35. Rxb6 Kf5 36. a5 Ra2 37. Bb4 Rb2 38. a6 Rxb3 39. a7 Rb1+ 40. Kg2 Ra1 41. Rb5+ 1-0

[Event "4th GRENKE Open 2019"]
[Site "Karlsruhe"]
[Date "2019.04.21"]
[Round "6.95"]
[White "Franklin, Samuel G A"]
[Black "Taras, Marian"]
[Result "1-0"]
[WhiteElo "2344"]
[BlackElo "2020"]
[Annotator "NA"]
[PlyCount "51"]
[EventDate "2019.04.18"]
[EventType "swiss"]
[EventCountry "GER"]
[SourceTitle "playchess.com"]
[Source "ChessBase"]
[SourceQuality "1"]

1. e4 g6 2. d4 Bg7 3. Nc3 d6 4. f4 e6 5. Nf3 Ne7 6. Bd3 b6 7. O-O Bb7 8. Kh1 Nd7 9. Qe1 Nf6 10. Bd2 O-O 11. Qh4 c5 12. dxc5 bxc5 13. e5 Nfd5 14. Ne4 Nf5 15. Qe1 Rc8 16. b3 h5 17. Rd1 Qe7 18. c4 Nb4 19. Bxb4 cxb4 20. exd6 Nxd6 21. Qxb4 Rfd8 22. Nxd6 Bxf3 23. Rxf3 Rxd6 24. Rff1 Bd4 25. Be4 Rcd8 26. Rxd4 1-0

[Event "4th GRENKE Open 2019"]
[Site "Karlsruhe"]
[Date "2019.04.21"]
[Round "6.96"]
[White "Krause, Jonah"]
[Black "Ziegenfuss, Antonia"]
[Result "1-0"]
[WhiteElo "2343"]
[BlackElo "1945"]
[Annotator "NA"]
[PlyCount "57"]
[EventDate "2019.04.18"]
[EventType "swiss"]
[EventCountry "GER"]
[SourceTitle "playchess.com"]
[Source "ChessBase"]
[SourceQuality "1"]

1. d4 Nf6 2. c4 e6 3. Nf3 d5 4. g3 dxc4 5. Bg2 Bd7 6. Ne5 Bc6 7. Nxc6 Nxc6 8. O-O Qd7 9. e3 Rd8 10. Nc3 e5 11. Qa4 exd4 12. exd4 Nxd4 13. Qxa7 b5 14. a4 c6 15. Qxd7+ Kxd7 16. axb5 Bc5 17. bxc6+ Nxc6 18. Bf4 Nb4 19. Na4 Ba7 20. Rac1 Nd3 21. Rxc4 Nxf4 22. Rxf4 Rhe8 23. b4 Rb8 24. Nc5+ Bxc5 25. bxc5 Rf8 26. Ra1 Rb5 27. Rd4+ Ke6 28. Bh3+ Ke7 29. Re1+ 1-0

[Event "4th GRENKE Open 2019"]
[Site "Karlsruhe"]
[Date "2019.04.21"]
[Round "6.97"]
[White "Firouzja, Alireza"]
[Black "Ackermann, Hans Werner"]
[Result "1-0"]
[WhiteElo "2669"]
[BlackElo "2237"]
[Annotator "TA"]
[PlyCount "67"]
[EventDate "2019.04.18"]
[EventType "swiss"]
[EventCountry "GER"]
[SourceTitle "playchess.com"]
[Source "ChessBase"]
[SourceQuality "1"]

1. e4 d6 2. d4 g6 3. Nc3 Bg7 4. Be3 a6 5. h4 h5 6. Qd2 b5 7. O-O-O Nd7 8. Nh3 Nb6 9. Ng5 Nf6 10. f3 e6 11. a3 Bb7 12. Kb1 Nfd7 13. f4 Qe7 14. f5 gxf5 15. exf5 O-O-O 16. fxe6 fxe6 17. Bd3 c5 18. Ne2 Nd5 19. Rhe1 N7b6 20. Bg1 Rhf8 21. Ng3 Nf4 22. Bf5 Be5 23. dxe5 dxe5 24. Qc3 Nc4 25. Be4 Nd5 26. Qb3 Rf4 27. Bf3 Rxh4 28. N5e4 Na5 29. Bxc5 Qc7 30. Qd3 Nc6 31. Qf1 b4 32. axb4 Rf4 33. Nxh5 Rf5 34. b5 1-0

[Event "4th GRENKE Open 2019"]
[Site "Karlsruhe"]
[Date "2019.04.21"]
[Round "6.98"]
[White "Ruecker, Benjamin"]
[Black "Kunin, Vitaly"]
[Result "0-1"]
[WhiteElo "2238"]
[BlackElo "2520"]
[Annotator "ChessBase"]
[PlyCount "154"]
[EventDate "2019.04.18"]
[EventType "swiss"]
[EventCountry "GER"]
[SourceTitle "playchess.com"]
[Source "ChessBase"]
[SourceQuality "1"]

1. c4 e5 2. Nc3 Nf6 3. Nf3 Nc6 4. e3 Be7 5. d4 exd4 6. Nxd4 O-O 7. Be2 Bb4 8. Bd2 Nxd4 9. exd4 d5 10. Nxd5 Nxd5 11. cxd5 Bxd2+ 12. Qxd2 b6 13. O-O Bb7 14. Bf3 Bxd5 15. Bxd5 Qxd5 16. Qf4 c6 17. b3 Rfe8 18. Rfe1 h6 19. h3 Rad8 20. Qc7 Qxd4 21. Qxc6 Re6 22. Qf3 Qb2 23. a4 Rf6 24. Qg3 Rfd6 25. Rab1 Qa3 26. Re3 Qc5 27. Rbe1 Qc6 28. Qf3 Qxf3 29. Rxf3 Kf8 30. Rfe3 R6d7 31. g4 g6 32. Kg2 Rc7 33. R1e2 Rdd7 34. Kf3 Kg7 35. Re4 g5 36. Re5 Kf6 37. Rf5+ Kg6 38. Rfe5 h5 39. gxh5+ Kxh5 40. a5 bxa5 41. Rxa5 Rd3+ 42. Re3 Rxe3+ 43. Kxe3 Rc3+ 44. Ke4 Rxb3 45. Rxa7 Kg6 46. Ra6+ f6 47. f3 Rb4+ 48. Ke3 Rh4 49. Kf2 Rxh3 50. Kg2 Rh4 51. Ra8 Rb4 52. Ra2 Rd4 53. Rb2 Kf5 54. Ra2 Kf4 55. Kf2 Rc4 56. Rb2 Ra4 57. Rc2 f5 58. Rb2 Rd4 59. Ra2 Rd3 60. Ra4+ Ke5 61. Ra5+ Rd5 62. Ra2 f4 63. Re2+ Kd4 64. Re1 Kc3 65. Kg2 Rd2+ 66. Kh3 Kd3 67. Kg4 Rg2+ 68. Kf5 Rg3 69. Re8 Rxf3 70. Kxg5 Re3 71. Rf8 f3 72. Kg4 Ke2 73. Ra8 f2 74. Ra2+ Kf1 75. Kf4 Rb3 76. Ra1+ Kg2 77. Ra2 Kg1 0-1

[Event "4th GRENKE Open 2019"]
[Site "Karlsruhe"]
[Date "2019.04.21"]
[Round "6.99"]
[White "Donchenko, Anatoly"]
[Black "Sanal, Vahap"]
[Result "1/2-1/2"]
[WhiteElo "2237"]
[BlackElo "2513"]
[Annotator "ChessBase"]
[PlyCount "94"]
[EventDate "2019.04.18"]
[EventType "swiss"]
[EventCountry "GER"]
[SourceTitle "playchess.com"]
[Source "ChessBase"]
[SourceQuality "1"]

1. Nf3 c5 2. c4 Nc6 3. d4 cxd4 4. Nxd4 Nf6 5. Nc3 e5 6. Ndb5 d6 7. g3 a6 8. Na3 g6 9. Bg2 Bg7 10. Nc2 O-O 11. O-O Be6 12. Ne3 Kh8 13. b3 Ne8 14. Ned5 f5 15. Bb2 Rb8 16. a4 g5 17. Ba3 a5 18. Nb5 Rf7 19. Ra2 g4 20. Rd2 Rd7 21. e4 fxe4 22. Bxe4 Bh6 23. Rd3 Bg5 24. Ne3 h5 25. Nxd6 Nf6 26. Bf5 Qg8 27. Bxe6 Qxe6 28. Ne4 Rxd3 29. Qxd3 Nxe4 30. Qxe4 Nd4 31. Bb2 Nf3+ 32. Kg2 Bxe3 33. fxe3 Rd8 34. Bc3 b6 35. h3 Kg8 36. hxg4 hxg4 37. Rh1 Ng5 38. Qxe5 Rd2+ 39. Kf1 Rd1+ 40. Kg2 Rd2+ 41. Kf1 Qxe5 42. Bxe5 Rd1+ 43. Kg2 Rd2+ 44. Kf1 Nf3 45. Rh8+ Kf7 46. Bd4 Nh2+ 47. Ke1 Nf3+ 1/2-1/2

[Event "4th GRENKE Open 2019"]
[Site "Karlsruhe"]
[Date "2019.04.21"]
[Round "6.100"]
[White "Polatel, Ali"]
[Black "Prithu Gupta"]
[Result "1/2-1/2"]
[WhiteElo "2235"]
[BlackElo "2478"]
[Annotator "ChessBase"]
[PlyCount "123"]
[EventDate "2019.04.18"]
[EventType "swiss"]
[EventCountry "GER"]
[SourceTitle "playchess.com"]
[Source "ChessBase"]
[SourceQuality "1"]

1. Nf3 Nf6 2. g3 b5 3. Bg2 Bb7 4. O-O e6 5. d3 c5 6. e4 d6 7. a4 b4 8. Nbd2 Be7 9. Nc4 d5 10. exd5 Nxd5 11. Re1 O-O 12. a5 Na6 13. Nfd2 Nac7 14. Nb3 Rc8 15. Qg4 Nf6 16. Qh3 Bd5 17. Bf4 Nb5 18. a6 Bxg2 19. Qxg2 Nd5 20. Be3 Rc6 21. Ne5 Rc7 22. Ra5 Qb8 23. Nc4 Rfc8 24. Qf3 Rc6 25. Rea1 Bf6 26. Qg4 g6 27. R5a2 h5 28. Qf3 Bg7 29. h3 Nd4 30. Bxd4 cxd4 31. Nbd2 h4 32. gxh4 Nf4 33. Ra5 e5 34. Re1 f6 35. Kh1 Kf7 36. Ne4 Qc7 37. Rb5 Qd7 38. Rxb4 Kg8 39. Rb7 R8c7 40. Rxc7 Qxc7 41. Ra1 f5 42. Ned2 e4 43. dxe4 fxe4 44. Qxe4 Nxh3 45. Qf3 Nf4 46. Re1 Rxa6 47. b3 Qf7 48. Ne4 Re6 49. Rg1 Bh6 50. Rg4 Qe7 51. Ncd2 Nh5 52. Ng5 Re1+ 53. Kg2 Re5 54. Qa8+ Kg7 55. Ndf3 Rf5 56. Qe4 Bxg5 57. hxg5 Qf7 58. Qxd4+ Kh7 59. Nh2 Qe7 60. Nf3 Qf7 61. Nh2 Qe7 62. Nf3 1/2-1/2

[Event "4th GRENKE Open 2019"]
[Site "Karlsruhe"]
[Date "2019.04.21"]
[Round "6.101"]
[White "Swayams, Mishra"]
[Black "Heimrath, Reiner"]
[Result "1-0"]
[WhiteElo "2478"]
[BlackElo "2232"]
[Annotator "ChessBase"]
[PlyCount "91"]
[EventDate "2019.04.18"]
[EventType "swiss"]
[EventCountry "GER"]
[SourceTitle "playchess.com"]
[Source "ChessBase"]
[SourceQuality "1"]

1. Nf3 Nf6 2. c4 g6 3. b3 Bg7 4. Bb2 O-O 5. g3 d6 6. d4 e5 7. dxe5 Ng4 8. Bg2 Nc6 9. O-O dxe5 10. h3 Nh6 11. Qc1 Nf5 12. Rd1 Bd7 13. Nc3 Qc8 14. Nd5 Re8 15. Kh2 a5 16. Ng5 Nb4 17. Nxb4 axb4 18. Qd2 Bc6 19. Bxc6 bxc6 20. Qxb4 Nd4 21. Qd2 Qf5 22. e3 Bh6 23. exd4 Bxg5 24. f4 exf4 25. g4 Qe4 26. Re1 Qf3 27. Qg2 Qxg2+ 28. Kxg2 Rxe1 29. Rxe1 Rxa2 30. Re8+ Kg7 31. Re2 Bf6 32. g5 Bxg5 33. d5+ Kh6 34. Bg7+ Kxg7 35. Rxa2 cxd5 36. Ra5 dxc4 37. Rxg5 f5 38. Kf3 cxb3 39. Rg1 Kh6 40. Rb1 Kh5 41. Kxf4 Kh4 42. Rxb3 h6 43. Rc3 c5 44. Rxc5 Kxh3 45. Rc6 g5+ 46. Kxf5 1-0

[Event "4th GRENKE Open 2019"]
[Site "Karlsruhe"]
[Date "2019.04.21"]
[Round "6.102"]
[White "Sieglen, Joachim"]
[Black "Lubbe, Nikolas"]
[Result "0-1"]
[WhiteElo "2233"]
[BlackElo "2452"]
[Annotator "ChessBase"]
[PlyCount "94"]
[EventDate "2019.04.18"]
[EventType "swiss"]
[EventCountry "GER"]
[SourceTitle "playchess.com"]
[Source "ChessBase"]
[SourceQuality "1"]

1. d4 Nf6 2. c4 e6 3. g3 c5 4. d5 exd5 5. cxd5 d6 6. Nc3 g6 7. Bg2 Bg7 8. Nf3 O-O 9. O-O Re8 10. Nd2 a6 11. a4 Nbd7 12. h3 Rb8 13. Nc4 Ne5 14. Na3 Nh5 15. Kh2 f5 16. f4 Nf7 17. e4 fxe4 18. Re1 Bd7 19. Nxe4 b5 20. axb5 axb5 21. Rb1 Nf6 22. b4 Nxe4 23. Bxe4 c4 24. Nc2 Ra8 25. Bb2 c3 26. Bc1 Re7 27. Qd3 Qe8 28. Ba3 Nh6 29. Re2 Qf7 30. Rbe1 Nf5 31. Bg2 Rxe2 32. Rxe2 h5 33. Bc1 Rc8 34. Be4 Rc4 35. g4 hxg4 36. hxg4 Nh6 37. Bxg6 Nxg4+ 38. Kg3 Qf6 39. Bh7+ Kf8 40. Qg6 Qxg6 41. Bxg6 Nf6 42. Bd3 Rc8 43. Ne3 Re8 44. Kf3 Rxe3+ 45. Kxe3 Nxd5+ 46. Ke4 Nxb4 47. Ba3 Bc6+ 0-1

[Event "4th GRENKE Open 2019"]
[Site "Karlsruhe"]
[Date "2019.04.21"]
[Round "6.103"]
[White "Meessen, Max"]
[Black "Carlstedt, Jonathan"]
[Result "0-1"]
[WhiteElo "2233"]
[BlackElo "2433"]
[Annotator "NA"]
[PlyCount "108"]
[EventDate "2019.04.18"]
[EventType "swiss"]
[EventCountry "GER"]
[SourceTitle "playchess.com"]
[Source "ChessBase"]
[SourceQuality "1"]

1. d4 d6 2. Nf3 g6 3. e4 Bg7 4. Be3 Nc6 5. h3 Nf6 6. Nc3 O-O 7. Qd2 a6 8. Bh6 b5 9. Bd3 e5 10. Bxg7 Kxg7 11. dxe5 Nxe5 12. Nxe5 dxe5 13. a4 b4 14. Nd1 c5 15. Qe3 Qd4 16. Qxd4 exd4 17. O-O Re8 18. Re1 Bb7 19. f3 Nd5 20. Kf2 Nf4 21. Kg3 g5 22. Nf2 Re5 23. Bc4 h5 24. Nd3 h4+ 25. Kf2 Re7 26. b3 Rc8 27. Nxf4 gxf4 28. Re2 Re5 29. Rae1 a5 30. Kf1 Kf6 31. Rf2 Rce8 32. Rfe2 R8e7 33. Kf2 Rg5 34. Kf1 Ke5 35. Kf2 f6 36. Kf1 Bc8 37. Rd2 Reg7 38. Rf2 Kd6 39. Rd1 Re5 40. Re1 Bd7 41. Rfe2 Rge7 42. Kf2 Be6 43. Bxe6 Kxe6 44. Rd2 Kf7 45. Ke2 Rc7 46. Red1 Ke6 47. Kf2 f5 48. Re2 fxe4 49. fxe4 Rg5 50. e5 Rcg7 51. Kf3 Kf5 52. Rde1 Rg3+ 53. Kf2 f3 54. Re4 fxg2 0-1

[Event "4th GRENKE Open 2019"]
[Site "Karlsruhe"]
[Date "2019.04.21"]
[Round "6.104"]
[White "Kurmann, Oliver"]
[Black "Di Benedetto, Desiree"]
[Result "1-0"]
[WhiteElo "2433"]
[BlackElo "2231"]
[Annotator "NA"]
[PlyCount "65"]
[EventDate "2019.04.18"]
[EventType "swiss"]
[EventCountry "GER"]
[SourceTitle "playchess.com"]
[Source "ChessBase"]
[SourceQuality "1"]

1. e4 e6 2. d4 d5 3. Nc3 Nf6 4. exd5 exd5 5. Bg5 Be7 6. Qd2 c6 7. O-O-O O-O 8. Bd3 b5 9. Nf3 a5 10. Rde1 a4 11. Ne5 b4 12. Ne2 b3 13. a3 Ba6 14. Ng3 Bxd3 15. Qxd3 Qc7 16. Nf5 Bd8 17. Qg3 Nh5 18. Bxd8 Nxg3 19. Bxc7 Nxf5 20. Bxb8 Rfxb8 21. Nxc6 Rc8 22. Nb4 bxc2 23. Nxd5 Nxd4 24. Ne7+ Kf8 25. Nxc8 Rxc8 26. b4 Rc3 27. Re3 Rc4 28. Kb2 Rc6 29. Rhe1 f5 30. Rc3 Rd6 31. Rc7 h6 32. Re3 f4 33. Rd3 1-0

[Event "4th GRENKE Open 2019"]
[Site "Karlsruhe"]
[Date "2019.04.21"]
[Round "6.105"]
[White "Cofmann, Veaceslav"]
[Black "Ginsburg, Gennadi"]
[Result "1/2-1/2"]
[WhiteElo "2232"]
[BlackElo "2430"]
[Annotator "NA"]
[PlyCount "134"]
[EventDate "2019.04.18"]
[EventType "swiss"]
[EventCountry "GER"]
[SourceTitle "playchess.com"]
[Source "ChessBase"]
[SourceQuality "1"]

1. d4 d5 2. Nc3 Nf6 3. Bg5 Nbd7 4. Nf3 g6 5. e3 Bg7 6. h3 O-O 7. Bf4 c5 8. Be2 b6 9. O-O Bb7 10. Ne5 Rc8 11. a4 a6 12. Bf3 Ne4 13. Bxe4 dxe4 14. Nxd7 Qxd7 15. dxc5 Qc6 16. cxb6 Qxb6 17. Ra3 Rfd8 18. Qe2 e5 19. Rb3 Qc6 20. Bh2 a5 21. Rd1 Ba6 22. Rxd8+ Rxd8 23. Nb5 Qd5 24. Bg3 f5 25. f4 exf3 26. Qxf3 Qxf3 27. gxf3 Bb7 28. Rd3 Rxd3 29. cxd3 Bxf3 30. Be1 Bd1 31. Nc3 Bc2 32. Nd5 Bxa4 33. Bxa5 Bb5 34. Nb4 Bf8 35. d4 exd4 36. exd4 Kf7 37. Nd5 g5 38. Bb4 Bg7 39. Bc5 h5 40. Nc7 Bc6 41. d5 Bb7 42. b4 Be5 43. Ne6 Kf6 44. Nf8 Bxd5 45. Nd7+ Ke6 46. Nxe5 Kxe5 47. Kf2 f4 48. Bb6 g4 49. hxg4 hxg4 50. Kg1 g3 51. Bc7+ Kf5 52. Bd6 Kg4 53. b5 f3 54. Bc5 Kf5 55. b6 Bb7 56. Kf1 Ke4 57. Ke1 Kf4 58. Kf1 Ba6+ 59. Kg1 Ke4 60. b7 Bxb7 61. Bb6 Ba6 62. Ba7 Bd3 63. Bb6 Kd5 64. Be3 Kc4 65. Bb6 Kb3 66. Be3 Kc2 67. Bf4 f2+ 1/2-1/2

[Event "4th GRENKE Open 2019"]
[Site "Karlsruhe"]
[Date "2019.04.21"]
[Round "6.107"]
[White "Sawlin, Leonid"]
[Black "Muetsch, Annmarie"]
[Result "1/2-1/2"]
[WhiteElo "2402"]
[BlackElo "2223"]
[Annotator "NA"]
[PlyCount "85"]
[EventDate "2019.04.18"]
[EventType "swiss"]
[EventCountry "GER"]
[SourceTitle "playchess.com"]
[Source "ChessBase"]
[SourceQuality "1"]

1. Nf3 Nf6 2. c4 g6 3. b4 Bg7 4. Bb2 O-O 5. e3 d6 6. d4 c5 7. a3 cxd4 8. Nxd4 d5 9. Nd2 b6 10. Be2 Bb7 11. O-O Nc6 12. N4b3 Ne4 13. Bxg7 Kxg7 14. Nxe4 dxe4 15. Qc2 Qc7 16. c5 Ne5 17. Qc3 bxc5 18. Nxc5 Kg8 19. Rac1 Rac8 20. Qb2 Bd5 21. Ne6 Qxc1 22. Rxc1 Rxc1+ 23. Qxc1 Bxe6 24. Qc7 Rc8 25. Qxe5 Rc1+ 26. Bf1 Bc4 27. h4 Rxf1+ 28. Kh2 Rxf2 29. Kg3 Ra2 30. Qxe4 Bf1 31. Qxe7 a6 32. h5 Rxg2+ 33. Kf3 gxh5 34. a4 Ra2 35. Ke4 h4 36. Qxh4 Rxa4 37. Ke5 Ra2 38. Kf6 Rg2 39. Kf5 Rg6 40. e4 Bb5 41. Qd8+ Kg7 42. e5 Bc4 43. Kf4 1/2-1/2

[Event "4th GRENKE Open 2019"]
[Site "Karlsruhe"]
[Date "2019.04.21"]
[Round "6.108"]
[White "Wenninger, Philipp"]
[Black "Jeitz, Christian"]
[Result "1/2-1/2"]
[WhiteElo "2391"]
[BlackElo "2222"]
[Annotator "NA"]
[PlyCount "57"]
[EventDate "2019.04.18"]
[EventType "swiss"]
[EventCountry "GER"]
[SourceTitle "playchess.com"]
[Source "ChessBase"]
[SourceQuality "1"]

1. d4 Nf6 2. Nf3 g6 3. c4 Bg7 4. Nc3 d5 5. Qb3 dxc4 6. Qxc4 O-O 7. e4 Nfd7 8. Be3 Nb6 9. Qb3 Bg4 10. O-O-O a5 11. a3 Nc6 12. d5 Ne5 13. Be2 Bxf3 14. gxf3 Ned7 15. h4 c6 16. dxc6 bxc6 17. h5 a4 18. Qc2 Qc7 19. hxg6 hxg6 20. f4 Rfb8 21. e5 e6 22. Bd3 Qb7 23. Rd2 Nd5 24. Be4 Qb3 25. Qxb3 axb3 26. Nxd5 cxd5 27. Bf3 Nb6 28. Be2 Bxe5 29. fxe5 1/2-1/2

[Event "4th GRENKE Open 2019"]
[Site "Karlsruhe"]
[Date "2019.04.21"]
[Round "6.109"]
[White "Ondersteijn, Niels"]
[Black "Rahul Kumar, Pune"]
[Result "1-0"]
[WhiteElo "2390"]
[BlackElo "2216"]
[Annotator "NA"]
[PlyCount "135"]
[EventDate "2019.04.18"]
[EventType "swiss"]
[EventCountry "GER"]
[SourceTitle "playchess.com"]
[Source "ChessBase"]
[SourceQuality "1"]

1. c4 g6 2. g3 Bg7 3. Bg2 e5 4. Nc3 Ne7 5. d3 d6 6. e4 Nd7 7. Nge2 O-O 8. h4 Nf6 9. Qb3 h6 10. O-O Kh7 11. f3 a6 12. Be3 c5 13. a3 Rb8 14. Rab1 Nc6 15. Qd1 Bd7 16. b4 b6 17. b5 axb5 18. Nxb5 Qe7 19. Kh2 Ra8 20. Bh3 Be8 21. Bc1 Ra6 22. Kg2 Na7 23. Nbc3 Nc6 24. Nb5 Na7 25. Nbc3 Nc6 26. g4 Nd4 27. g5 Nh5 28. Bc8 Nxe2 29. Qxe2 Rxa3 30. Nd5 Qd8 31. Bxa3 Qxc8 32. Rxb6 Qe6 33. Bc1 Bd7 34. Rh1 f6 35. gxh6 Bxh6 36. Bxh6 Kxh6 37. Qe3+ Kg7 38. Rb7 Rf7 39. Kf2 f5 40. Nc7 Qf6 41. Nd5 f4 42. Qd2 Qd8 43. Qa2 Ng3 44. Rh2 Be6 45. Qa7 Bxd5 46. cxd5 Rxb7 47. Qxb7+ Kh6 48. Kg2 Nh5 49. Kh3 Qa5 50. Qb8 Kh7 51. Qxd6 Qe1 52. Qe7+ Ng7 53. Qg5 Qf1+ 54. Qg2 Qxd3 55. Qe2 Qb1 56. Qc2 Qg1 57. Qg2 Qd4 58. Qf2 Qa1 59. Kg2 Nh5 60. Rh1 Qa4 61. Qxc5 Qa2+ 62. Qf2 Qa3 63. Rd1 Qd6 64. Qa7+ Kh6 65. Rb1 Nf6 66. Rb8 Nd7 67. Rh8+ Kg7 68. Rd8 1-0

[Event "4th GRENKE Open 2019"]
[Site "Karlsruhe"]
[Date "2019.04.21"]
[Round "6.111"]
[White "Damia, Angelo"]
[Black "Percivaldi, Martin"]
[Result "1/2-1/2"]
[WhiteElo "2215"]
[BlackElo "2388"]
[Annotator "NA"]
[PlyCount "62"]
[EventDate "2019.04.18"]
[EventType "swiss"]
[EventCountry "GER"]
[SourceTitle "playchess.com"]
[Source "ChessBase"]
[SourceQuality "1"]

1. e4 e6 2. d4 d5 3. Bd3 dxe4 4. Bxe4 Nf6 5. Bf3 Nbd7 6. Nc3 Be7 7. Nge2 Rb8 8. Bf4 a6 9. Qd3 b5 10. O-O-O O-O 11. g4 Bb7 12. Bxb7 Rxb7 13. Qf3 Qb8 14. g5 Ne8 15. Qg4 b4 16. Ne4 Nd6 17. N2g3 Rd8 18. Be5 Rb5 19. Nf6+ Kh8 20. Nxd7 Rxd7 21. d5 Ne8 22. dxe6 Rxd1+ 23. Rxd1 Rxe5 24. exf7 Nd6 25. f4 Rc5 26. Qe6 Bf8 27. Ne4 Rc6 28. Nxd6 cxd6 29. Re1 Qc7 30. Qe8 Rxc2+ 31. Kb1 Rxb2+ 1/2-1/2

[Event "4th GRENKE Open 2019"]
[Site "Karlsruhe"]
[Date "2019.04.21"]
[Round "6.112"]
[White "Goumas, Georgios"]
[Black "Shyam Prasad Reddy K"]
[Result "1-0"]
[WhiteElo "2386"]
[BlackElo "2215"]
[Annotator "NA"]
[PlyCount "79"]
[EventDate "2019.04.18"]
[EventType "swiss"]
[EventCountry "GER"]
[SourceTitle "playchess.com"]
[Source "ChessBase"]
[SourceQuality "1"]

1. e4 c5 2. Nf3 Nc6 3. d4 cxd4 4. Nxd4 Nf6 5. Nc3 e5 6. Ndb5 d6 7. Nd5 Nxd5 8. exd5 Nb8 9. a4 Be7 10. Be2 O-O 11. O-O a6 12. Na3 f5 13. f4 e4 14. Be3 Nd7 15. c3 Nf6 16. Nc4 Bd7 17. Nb6 Rb8 18. c4 Be8 19. a5 Bf7 20. b4 Nd7 21. Qd2 h6 22. Rfd1 Nxb6 23. axb6 Rc8 24. Rac1 g5 25. g3 gxf4 26. gxf4 Kh7 27. c5 Qe8 28. c6 Bh5 29. cxb7 Qg6+ 30. Kh1 Rg8 31. Rg1 Rxc1 32. Qxc1 Bxe2 33. Rxg6 Rxg6 34. h4 Rg4 35. Qc7 Bf3+ 36. Kh2 Rxh4+ 37. Kg3 Rg4+ 38. Kf2 Rg7 39. Qxe7 Rxe7 40. b8=Q 1-0